| 000 | 00605nam a2200205 a 4500 | ||
|---|---|---|---|
| 003 | DO-SdBNP | ||
| 005 | 20210923080742.0 | ||
| 007 | ta | ||
| 008 | 210922e2017 dr ||||gr|||| 001 edspa d | ||
| 020 | _a9789945168044 | ||
| 040 |
_aDO-SdBNP _bspa _cBNPHU |
||
| 082 | 4 |
_222 _bT693v, 2017 |
|
| 100 | 1 |
_aPenchi, Israel Torres _980023 |
|
| 245 | 1 | 0 |
_aVivir en Santo Domingo: _bcotidianidad dominicana a través de los ojos de un boricua. / _cIsrael Torres Penchi |
| 250 | _a3ra. | ||
| 260 |
_aSanto Domingo : _bBúho, _c2017 |
||
| 300 |
_a95 p.; _c23 cm |
||
| 590 | _aInventariado 2021 / MF | ||
| 942 |
_2ddc _cLBS1 |
||
| 999 |
_c50638 _d50638 |
||